000 00487nam a2200169Ia 4500
003 GCL
008 140319s9999 xx 000 0 eng d
040 _aGCL /
_cGCL
082 0 4 _a747.9
_bW N
100 1 _aWILHIDE, ELISABETH
245 1 0 _aNATURAL DECORATING: SOPHISTICATED SIMPLICITY WITH NATURAL MATERIALS /
_cWILHIDE, ELISABETH
700 1 _aCOPSTICK, JOANNA
260 _a[S.N] :
_bCONRAN OCTOPUS
650 0 4 _aINTERIOR DECORATION
650 0 4 _aHOME DECORATING
942 _2ddc
_cBK
999 _c13719
_d13719